[Event "Mlada Boleslav Region-ch U14"]
[Site "Mlada Boleslav"]
[Date "2017.06.24"]
[Round "3"]
[White "Kralik, Kristian"]
[Black "Novakova, Kamila"]
[Result "1-0"]
[WhiteElo "1000"]
[BlackElo "1093"]
[PlyCount "101"]
[EventDate "2017.06.24"]
[EventType "swiss"]
[EventRounds "7"]
[EventCountry "CZE"]
[SourceTitle "CBM 179 Extra"]
[Source "ChessBase"]
[SourceDate "2017.08.23"]
[SourceVersion "1"]
[SourceVersionDate "2017.08.23"]
[SourceQuality "1"]

1. d4 d5 2. e3 Nc6 3. c4 dxc4 4. Bxc4 Bf5 5. d5 Ne5 6. Bb5+ c6 7. dxc6 bxc6 8. Qxd8+ Rxd8 9. Ba4 e6 10. f4 Bb4+ 11. Bd2 Nd3+ 12. Kd1 Bc5 13. Bxc6+ Ke7 14. Be1 Nxb2+ 15. Ke2 Bd3+ 16. Kf2 Nd1+ 17. Kg3 Bxe3 18. Bb4+ Kf6 19. Kf3 Bd4 20. Ne2 Bxa1 21. Re1 Rc8 22. Ba4 Rc4 23. a3 Nc3 24. Nbxc3 Bxc3 25. Nxc3 Ne7 26. Rd1 Nd5 27. Nxd5+ exd5 28. Rxd3 Rd8 29. g4 Re8 30. g5+ Kf5 31. Bxe8 Rxf4+ 32. Kg3 Ke4 33. Rd1 d4 34. Re1+ Kf5 35. Bd7+ Kxg5 36. Bd2 h5 37. Bxf4+ Kf6 38. Kh4 g5+ 39. Bxg5+ Kg6 40. Rf1 f6 41. Rxf6+ Kg7 42. Kxh5 d3 43. Ba4 d2 44. Rc6 d1Q+ 45. Bxd1 a6 46. Rc7+ Kg8 47. Kg6 Kf8 48. Kf6 Kg8 49. Rd7 Kh8 50. Kg6 a5 51. Rd8# 1-0